| Tag |
First Indicator |
Second Indicator |
Subfields |
| LEADER |
00000cam a2200000 a 4500 |
| 001 |
in00000014744 |
| 005 |
20191019064012.0 |
| 008 |
870615s1987 miua b 00110 eng |
| 010 |
|
|
|a 87014567
|
| 020 |
|
|
|a 0310409411 (pbk.)
|
| 035 |
|
|
|a (OCoLC)16131595
|
| 035 |
|
|
|9 AAA9540AM
|
| 040 |
|
|
|a DLC
|c DLC
|d TXA
|d UtOrBLW
|
| 049 |
|
|
|a TXAM
|c [A11490176]
|
| 050 |
0 |
0 |
|a BS535
|b .L58 1987
|
| 082 |
0 |
|
|a 220.6/6
|2 19
|
| 100 |
1 |
|
|a Longman, Tremper,
|c III.
|
| 245 |
1 |
0 |
|a Literary approaches to biblical interpretation /
|c Tremper Longman III.
|
| 264 |
|
1 |
|a Grand Rapids, Mich. :
|b Academie Books,
|c [1987]
|
| 264 |
|
4 |
|c ©1987
|
| 300 |
|
|
|a xi, 164 pages :
|b illustrations ;
|c 21 cm.
|
| 336 |
|
|
|a text
|b txt
|2 rdacontent
|
| 337 |
|
|
|a unmediated
|b n
|2 rdamedia
|
| 338 |
|
|
|a volume
|b nc
|2 rdacarrier
|
| 490 |
1 |
|
|a Foundations of contemporary interpretation ;
|v v. 3
|
| 500 |
|
|
|a A Zondervan publication--P. [4] of cover.
|
| 504 |
|
|
|a Bibliography: pages 153-154.
|
| 500 |
|
|
|a Includes indexes.
|
| 650 |
|
0 |
|a Bible as literature.
|
| 830 |
|
0 |
|a Foundations of contemporary interpretation ;
|v v. 3.
|
| 999 |
|
|
|a MARS
|
| 999 |
f |
f |
|s 57d785db-34e3-3595-a93b-bfc7d529812a
|i 106cbc8c-39d7-31bc-ac32-829a2ac02c15
|t 0
|
| 952 |
f |
f |
|p ric
|a Texas A&M University
|b Rellis Campus
|c Joint Library Facility
|d Remote Storage
|t 0
|e BS535 .L58 1987
|h Library of Congress classification
|i unmediated -- volume
|m A14821599249
|
| 998 |
f |
f |
|a BS535 .L58 1987
|t 0
|l Remote Storage
|